[Event "Damhus-ch D"]
[Site "Rodovre"]
[Date "2011.09.13"]
[Round "2"]
[White "Gemzoe, Bjorn"]
[Black "Dyremose, Morten Sigvart"]
[Result "1-0"]
[WhiteElo "1343"]
[BlackElo "1115"]
[PlyCount "55"]
[EventDate "2011.09.06"]
[EventType "swiss"]
[EventRounds "7"]
[EventCountry "DEN"]
[SourceTitle "EXT 2023"]
[Source "ChessBase"]
[SourceDate "2022.10.05"]
[SourceVersion "1"]
[SourceVersionDate "2022.10.05"]
[SourceQuality "1"]

1. e4 e5 2. d4 exd4 3. Qxd4 Nc6 4. Qe3 d6 5. Nc3 Nf6 6. h3 Be7 7. Bd2 Be6 8. 0-0-0 Qd7 9. f4 g6 10. g4 Qc8 11. f5 Bd7 12. g5 Nh5 13. f6 Bf8 14. Nd5 Be6 15. Bc3 Qd7 16. Bb5 h6 17. Ne2 Rh7 18. h4 0-0-0 19. Bxc6 Qxc6 20. Nb4 Qa4 21. a3 b6 22. Nd5 c5 23. Ne7+ Kd7 24. Rxd6+ Kc7 25. Rxd8 Kxd8 26. Rd1+ Kc7 27. Qd3 Qd7 28. Qa6 1-0

[Event "Valby K41 Aabent-ch 0809"]
[Site "Valby"]
[Date "2009.02.10"]
[Round "7"]
[White "Dyremose, Morten Sigvart"]
[Black "Gjelstrup, Ole"]
[Result "1/2-1/2"]
[WhiteElo "1123"]
[BlackElo "1331"]
[PlyCount "75"]
[EventDate "2008.11.11"]
[EventType "swiss"]
[EventRounds "9"]
[EventCountry "DEN"]
[SourceTitle "EXT 2023"]
[Source "ChessBase"]
[SourceDate "2022.10.05"]
[SourceVersion "1"]
[SourceVersionDate "2022.10.05"]
[SourceQuality "1"]

1. e4 e5 2. Nf3 Nc6 3. Bb5 a6 4. Bxc6 dxc6 5. d4 exd4 6. Qxd4 Qxd4 7. Nxd4 Nf6 8. Nd2 c5 9. N4f3 Be7 10. 0-0 0-0 11. Re1 b5 12. c4 Re8 13. b3 Bb7 14. e5 Nd7 15. Bb2 Rad8 16. Rad1 Nf8 17. cxb5 axb5 18. a4 Rd3 19. axb5 Red8 20. Rc1 Ne6 21. Rc3 Nf4 22. Rxd3 Nxd3 23. Rb1 Bxf3 24. gxf3 Nxf2 25. Kxf2 Rxd2+ 26. Kg3 Re2 27. Bc3 g5 28. Rb2 Re3 29. Rc2 h5 30. h3 Kh7 31. Kf2 Rd3 32. Ke2 Rd7 33. Rd2 Rxd2+ 34. Kxd2 Kg6 35. Ke3 Kf5 36. Bb2 Bf8 37. Bc3 Be7 38. Bb2 1/2-1/2

[Event "Taastrup Spil Naar Du Vil 1st"]
[Site "Taastrup"]
[Date "2006.05.18"]
[Round "7"]
[White "Dyremose, Morten Sigvart"]
[Black "Meldal, Peter"]
[Result "0-1"]
[WhiteElo "1073"]
[BlackElo "1139"]
[PlyCount "90"]
[EventDate "2006.03.30"]
[EventType "swiss"]
[EventRounds "9"]
[EventCountry "DEN"]
[SourceTitle "EXT 2023"]
[Source "ChessBase"]
[SourceDate "2022.10.05"]
[SourceVersion "1"]
[SourceVersionDate "2022.10.05"]
[SourceQuality "1"]

1. e4 c5 2. Nf3 d6 3. d4 cxd4 4. Nxd4 a6 5. Nc3 Nc6 6. Be2 Nf6 7. 0-0 e5 8. Nxc6 bxc6 9. Bg5 Be7 10. Qd2 Bb7 11. Rad1 0-0 12. Bxf6 Bxf6 13. Qxd6 Qb6 14. Qa3 Rfe8 15. Bc4 Be7 16. Qb3 Qxb3 17. Bxb3 Rad8 18. f4 Bc5+ 19. Kh1 Rxd1 20. Nxd1 exf4 21. Rxf4 Re7 22. h4 Rd7 23. c3 Bd6 24. Rg4 c5 25. Ne3 h5 26. Rg5 Bf4 27. Rxc5 Bxe3 28. Re5 Rc7 29. Bd5 Bxd5 30. exd5 Bc1 31. b3 f6 32. Rf5 Kf7 33. Rxh5 a5 34. d6 Rd7 35. Rc5 Rxd6 36. Rc4 Ba3 37. Ra4 Rd1+ 38. Kh2 Bd6+ 39. g3 Rd2+ 40. Kh3 Rd3 41. Rg4 Rxc3 42. Kg2 Rc2+ 43. Kh3 Rxa2 44. Rd4 Ke6 45. g4 Rh2# 0-1

[Event "Taastrup Spil Naar Du Vil 1st"]
[Site "Taastrup"]
[Date "2006.04.27"]
[Round "4"]
[White "Yde, Jesper"]
[Black "Dyremose, Morten Sigvart"]
[Result "1-0"]
[WhiteElo "1607"]
[BlackElo "1073"]
[PlyCount "53"]
[EventDate "2006.03.30"]
[EventType "swiss"]
[EventRounds "9"]
[EventCountry "DEN"]
[SourceTitle "EXT 2023"]
[Source "ChessBase"]
[SourceDate "2022.10.05"]
[SourceVersion "1"]
[SourceVersionDate "2022.10.05"]
[SourceQuality "1"]

1. g4 d5 2. h3 e5 3. Bg2 Nc6 4. d3 Bc5 5. c3 Be6 6. Qa4 Qh4 7. e3 Nge7 8. b4 Bb6 9. Nf3 Qf6 10. b5 Na5 11. Ba3 h6 12. Bxe7 Qxe7 13. Nxe5 Qh4 14. Qf4 0-0-0 15. Nf3 Qe7 16. Qb4 Rhe8 17. Qxe7 Rxe7 18. Nd4 Bxd4 19. cxd4 g5 20. Nc3 Red7 21. Kd2 c6 22. Rab1 Kc7 23. Rhc1 Rd6 24. bxc6 bxc6 25. Nb5+ Kc8 26. Nxa7+ Kd7 27. Rc5 1-0